Descripción Técnica-Funcional de Radiocanales Móviles UWB-WiMAX
La presente Investigación propone la descripcion técnica sobre las características y especificaciones funcionales de modelos inalámbricos utilizados en el diseño e implementación de sistemas o redes de comunicaciones tipo UWB- WiMAX (Ultrawide Band-Worldwide Interoperability for Microwave Acce...
| Main Author: | |
|---|---|
| Other Authors: | |
| Format: | Tesis Section = Libro |
| Language: | Undetermined Spanish |
| Published: |
Managua
UNI
2013
|
| Subjects: |
| LEADER | 01150nam a2200265Ia 4500 | ||
|---|---|---|---|
| 008 | 240830s9999 xx 000 0 und d | ||
| 040 | |a BIBLIOTECA-RUSB/ T.Mon 621.382 L318 | ||
| 041 | |a spa | ||
| 082 | |a T.Mon 621.382 L318 | ||
| 100 | 1 | |a Lara López, Erick Francisco | |
| 245 | 1 | 0 | |a Descripción Técnica-Funcional de Radiocanales Móviles UWB-WiMAX |
| 260 | |a Managua |b UNI |c 2013 | ||
| 300 | |a 66 p. :il. | ||
| 502 | |a Tesis (Ingeniero Electrónico) - UNI, 2013. | ||
| 520 | 3 | |a La presente Investigación propone la descripcion técnica sobre las características y especificaciones funcionales de modelos inalámbricos utilizados en el diseño e implementación de sistemas o redes de comunicaciones tipo UWB- WiMAX (Ultrawide Band-Worldwide Interoperability for Microwave Acceess). | |
| 650 | 7 | |a SISTEMA DE COMUNICACION | |
| 650 | 7 | |b SISTEMAS DE TRANSMICION DE DATOS | |
| 650 | 7 | |c SISTEMAS MOVILES DE COMUNICACION | |
| 650 | 7 | |d SISTEMAS DE REDES DE COMUNICACION | |
| 650 | 7 | |e WIMAX | |
| 650 | 7 | |f REDES DE BANDA ANCHA | |
| 700 | 1 | |a Tutor: |b Hernández García, Enrique José | |
| 942 | |c BK |2 ddc | ||
| 991 | |a TESIS | ||
| 999 | |c 21856 | ||